[Event "?"]
[Site "masterchessopen.com Santa Fe (Argentina)"]
[Round "0"]
[White "Garcia Ruido Ricardo (ESP)"]
[Black "Espinosa Rafael Mex (MEX)"]
[Result "0-1"]
[WhiteElo "2077"]
[BlackElo "2403"]

1.Nf3 Nf6 2.d4 e6 3.c4 Bb4+ 4.Bd2 Qe7 5.Nc3 O-O 6.e3 b6 7.Bd3 Bb7 8.Ng5 h6
9.h4 d5 10.Qf3 c5 11.Qh3 dxc4 12.Bxc4 cxd4 13.exd4 Nc6 14.O-O-O Nxd4 15.Bf4
Qc5 16.Bxe6 Ne2+ 17.Kb1 Nxf4 18.Bxf7+ Rxf7 19.Qh2 Qf5+ 20.Ka1 Bxc3 21.bxc3 Rd7
{#R} 0-1

[Event "Ch Argentina"]
[Site "masterchessopen.com Buenos Aires (Argentina)"]
[Round "19"]
[White "Najdorf Miguel (POL)"]
[Black "Merlo Gustavo (ESP)"]
[Result "1-0"]
[WhiteElo "2445"]
[BlackElo "1841"]

1.d4 Nf6 2.c4 e6 3.Nf3 Bb4+ 4.Nbd2 O-O 5.g3 c5 6.dxc5 Bxc5 7.Bg2 d5 8.O-O Nc6
9.a3 a5 10.cxd5 exd5 11.Nb3 Bb6 12.Nbd4 Re8 13.Re1 Ne4 14.Be3 Bg4 15.Qd3 Nd6
16.Nxc6 bxc6 17.Bxb6 Qxb6 18.Qd4 Rab8 19.Qxg4 {#r} 1-0

[Event "Ch BRD"]
[Site "masterchessopen.com Bad Pyrmont (Germany)"]
[Round "14"]
[White "Pfleger Helmut Dr (GER)"]
[Black "Kestler Hans-Guenther (GER)"]
[Result "1-0"]
[WhiteElo "2477"]
[BlackElo "2323"]

1.d4 Nf6 2.c4 e6 3.Nf3 Bb4+ 4.Bd2 Qe7 5.g3 O-O 6.Bg2 Bxd2+ 7.Nbxd2 d6 8.O-O e5
9.e3 Bg4 10.Qb3 Bxf3 11.Nxf3 e4 12.Nd2 c6 13.Nxe4 Nxe4 14.Bxe4 Qxe4 15.Qxb7
Qe8 16.Qxa8 Qd7 17.d5 Rc8 18.b4 h5 19.c5 h4 20.b5 h3 21.dxc6 Qf5 22.Qb7 {#r}
1-0

[Event "Ch Poland"]
[Site "masterchessopen.com Katowice (Poland)"]
[Round "9"]
[White "Balcerowski Witold (POL)"]
[Black "Lachut Jan"]
[Result "1-0"]
[WhiteElo "2184"]
[BlackElo "2200"]

1.d4 Nf6 2.c4 e6 3.Nf3 Bb4+ 4.Bd2 Qe7 5.a3 Bxd2+ 6.Qxd2 Ne4 7.Qc2 d5 8.e3 c6
9.Bd3 f5 10.O-O Nd7 11.Nc3 O-O 12.b4 e5 13.cxd5 Nxc3 14.Qxc3 e4 15.Bc4 exf3
16.d6+ {#r} 1-0

[Event "Ch BRD"]
[Site "masterchessopen.com Bad Pyrmont (Germany)"]
[Date "1961.10.29"]
[Round "14"]
[White "Pfleger Helmut Dr (GER)"]
[Black "Kestler Hans-Guenther (GER)"]
[Result "1-0"]
[WhiteElo "2477"]
[BlackElo "2323"]

1.d4 Nf6 2.c4 e6 3.Nf3 Bb4+ 4.Bd2 Qe7 5.g3 O-O 6.Bg2 Bxd2+ 7.Nbxd2 d6 8.O-O e5
9.e3 Bg4 10.Qb3 Bxf3 11.Nxf3 e4 12.Nd2 c6 13.Nxe4 Nxe4 14.Bxe4 Qxe4 15.Qxb7
Qe8 16.Qxa8 Qd7 17.d5 Rc8 18.b4 h5 19.c5 h4 20.b5 h3 21.dxc6 Nxc6 22.bxc6 Qf5
23.Qb7 {#r} 1-0

[Event "Ch DDR"]
[Site "masterchessopen.com Magdeburg (Germany)"]
[Round "6"]
[White "Schmidt Gerhard (GER)"]
[Black "Neukirch Detlef (GER)"]
[Result "0-1"]
[WhiteElo "2078"]
[BlackElo "2267"]

1.d4 Nf6 2.c4 e6 3.Nf3 Bb4+ 4.Bd2 Bxd2+ 5.Qxd2 Ne4 6.Qc2 f5 7.Nbd2 Nxd2 8.Nxd2
Qf6 9.Nf3 d6 10.e4 Nc6 11.Rd1 e5 12.exf5 O-O 13.d5 e4 14.Qxe4 Bxf5 15.Qf4
Rae8+ 16.Be2 Rxe2+ 17.Kxe2 Bd3+ 18.Rxd3 Qxf4 {#R} 0-1

[Event "Ch DDR"]
[Site "masterchessopen.com Annaberg-Buchholz (Germany)"]
[Round "7"]
[White "Boehnisch Manfred (GER)"]
[Black "Neukirch Detlef (GER)"]
[Result "0-1"]
[WhiteElo "2289"]
[BlackElo "2267"]

1.d4 Nf6 2.Nf3 e6 3.c4 Bb4+ 4.Nbd2 O-O 5.e3 d5 6.a3 Be7 7.Qc2 b6 8.Bd3 Bb7
9.b4 a5 10.Rb1 axb4 11.axb4 dxc4 12.Nxc4 Nc6 13.Bd2 Nd5 14.Bxh7+ Kh8 15.Be4
Ncxb4 16.Qd1 f5 17.Bxd5 Nd3+ 18.Kf1 Qxd5 19.Nce5 Nxe5 20.dxe5 Rfd8 21.Kg1 Ra2
22.h4 Qe4 23.Rh2 Qg4 {#R} 0-1

[Event "Ch Europe (team)"]
[Site "masterchessopen.com Aarhus (Denmark)"]
[Round "4"]
[White "Uhlmann Wolfgang (GER)"]
[Black "Saren Ilkka J (FIN)"]
[Result "1-0"]
[WhiteElo "2570"]
[BlackElo "2184"]

1.d4 Nf6 2.c4 e6 3.Nf3 Bb4+ 4.Nbd2 d5 5.Qa4+ Nc6 6.a3 Be7 7.e3 O-O 8.Bd3 Re8
9.b4 Bf8 10.Bb2 dxc4 11.Nxc4 a6 12.Qc2 Nb8 13.O-O Nbd7 14.Rac1 Nb6 15.Nce5 Bd6
16.Ng5 Re7 17.Bxh7+ Kf8 18.f4 Bd7 19.Rf3 Ba4 20.Qb1 Be8 21.Rh3 Bxe5 22.fxe5
Ng4 23.Rf1 Nh6 24.Rxh6 {#r} 1-0

[Event "Ch World (team) (under 26) (prel-E)"]
[Site "masterchessopen.com Graz (Austria)"]
[Round "2"]
[White "Hernandez Roman (CUB)"]
[Black "Tsouros Georgios (GRE)"]
[Result "1-0"]
[WhiteElo "2360"]
[BlackElo "2162"]

1.d4 Nf6 2.c4 e6 3.Nf3 Bb4+ 4.Nbd2 O-O 5.e3 d6 6.a3 Bxd2+ 7.Bxd2 b6 8.Be2 Bb7
9.O-O Ne4 10.Be1 f5 11.Nd2 Nxd2 12.Qxd2 Nd7 13.f3 Qf6 14.Bf2 Rad8 15.b4 e5
16.a4 a6 17.d5 Kh8 18.b5 Ra8 {#r} 1-0

[Event "?"]
[Site "masterchessopen.com URS"]
[Round "0"]
[White "Kholmov Ratmir D (RUS)"]
[Black "Makarichev Sergey (RUS)"]
[Result "0-1"]
[WhiteElo "2520"]
[BlackElo "2390"]

1.d4 e6 2.Nf3 Nf6 3.c4 Bb4+ 4.Nbd2 d5 5.Qa4+ Nc6 6.a3 Bxd2+ 7.Bxd2 O-O 8.Rc1
Ne4 9.Bf4 g5 10.cxd5 exd5 11.Be3 f5 12.g3 f4 13.gxf4 gxf4 14.Bd2 Kh8 15.Rg1
Nxd2 16.Kxd2 Qf6 17.Ne5 Nxe5 18.dxe5 Qxe5 19.Rxc7 Bf5 20.Qb4 Rfc8 21.Rxc8+
Rxc8 22.e3 a5 23.exf4 Qf6 24.Qb5 Qd4+ {#R} 0-1

[Event "Tournament"]
[Site "masterchessopen.com Buenos Aires (Argentina)"]
[Round "0"]
[White "Bronstein Luis (ARG)"]
[Black "Negri Sergio (ARG)"]
[Result "1-0"]
[WhiteElo "2349"]
[BlackElo "2311"]

1.d4 Nf6 2.c4 e6 3.Nf3 Bb4+ 4.Bd2 Bxd2+ 5.Qxd2 b6 6.Nc3 Bb7 7.d5 Qe7 8.e3 Na6
9.Be2 exd5 10.Nxd5 Nxd5 11.cxd5 Nb4 12.Bc4 b5 13.Bb3 Qe4 14.O-O O-O 15.Ng5 Qh4
16.f4 a5 17.a3 Na6 18.Rf3 h6 19.Rh3 Qg4 20.Qd3 f5 21.d6+ {#r} 1-0

[Event "It (b)"]
[Site "masterchessopen.com London (England)"]
[Round "8"]
[White "Pigott John C (ENG)"]
[Black "Cuartas Carlos (COL)"]
[Result "1-0"]
[WhiteElo "2384"]
[BlackElo "2256"]

1.d4 e6 2.Nf3 Nf6 3.c4 Bb4+ 4.Bd2 a5 5.g3 O-O 6.Bg2 d6 7.O-O Bxd2 8.Qxd2 Nbd7
9.Nc3 e5 10.Rad1 Re8 11.e4 c6 12.Nh4 Qc7 13.f4 exd4 14.Qxd4 Qb6 15.Nf5 d5
16.cxd5 cxd5 17.e5 Qxd4+ 18.Rxd4 Ng4 19.Nxd5 Nc5 20.Nd6 Rd8 21.Rc4 Nd3 22.Nxc8
Raxc8 23.Ne7+ {#r} 1-0

[Event "It (open)"]
[Site "masterchessopen.com Mar del Plata (Argentina)"]
[Round "0"]
[White "Tempone Marcelo (ARG)"]
[Black "Ballicora Miguel (ARG)"]
[Result "1-0"]
[WhiteElo "2411"]
[BlackElo "2245"]

1.Nf3 Nf6 2.c4 e6 3.d4 Bb4+ 4.Bd2 Qe7 5.g3 Nc6 6.Bg2 e5 7.dxe5 Bxd2+ 8.Qxd2
Nxe5 9.Nxe5 Qxe5 10.Nc3 O-O 11.O-O d6 12.Rac1 c6 13.Rfd1 Rd8 14.Qd4 Qh5 15.Qf4
Be6 16.Rd4 d5 17.Bf3 Qg6 18.cxd5 Nxd5 19.Rcd1 Qc2 20.Qd2 Qxd2 21.R1xd2 h6
22.e4 c5 23.R4d3 {#r} 1-0

[Event "It"]
[Site "masterchessopen.com Jelenia Gora (Poland)"]
[Round "7"]
[White "Hawelko Marek (POL)"]
[Black "Swic Waldemar (POL)"]
[Result "1-0"]
[WhiteElo "2380"]
[BlackElo "2345"]

1.c4 Nf6 2.Nf3 e6 3.d4 Bb4+ 4.Nbd2 d5 5.Qa4+ Nc6 6.e3 Bd7 7.Qc2 dxc4 8.Bxc4
O-O 9.O-O Qe8 10.a3 Bd6 11.b4 b5 12.Bd3 a5 13.bxa5 e5 14.Ne4 Nxe4 15.Bxe4 exd4
16.exd4 f5 17.Bd5+ Kh8 18.Re1 Ne7 19.Bxa8 Qxa8 20.Ne5 Be8 21.Bd2 Nd5 22.Qb3
Rf6 23.Bg5 Re6 {#r} 1-0

[Event "It (open)"]
[Site "masterchessopen.com Lone Pine (USA)"]
[Round "0"]
[White "Dahlberg Ivars A (USA)"]
[Black "Korchnoi Viktor (SUI)"]
[Result "0-1"]
[WhiteElo "2480"]
[BlackElo "2695"]

1.c4 Nf6 2.Nf3 e6 3.d4 Bb4+ 4.Nbd2 c5 5.a3 Bxd2+ 6.Qxd2 b6 7.e3 Bb7 8.Be2 Nc6
9.O-O O-O 10.b3 Ne4 11.Qc2 f5 12.Rd1 Ne7 13.dxc5 bxc5 14.Bb2 d6 15.Nd2 Ng6
16.Bf3 Nh4 17.Bxe4 fxe4 18.Nxe4 Nxg2 19.Qc3 Qe7 20.Nxd6 Bf3 21.Rd2 Nh4 22.Qe5
Be2 {#R} 0-1

[Event "?"]
[Site "masterchessopen.com Treserve"]
[Round "0"]
[White "Dizdar Goran (CRO)"]
[Black "Fayard Alain (FRA)"]
[Result "1-0"]
[WhiteElo "2495"]
[BlackElo "2234"]

1.d4 Nf6 2.c4 e6 3.Nf3 Bb4+ 4.Nbd2 O-O 5.e3 d5 6.a3 Be7 7.Bd3 c5 8.dxc5 dxc4
9.Nxc4 Bxc5 10.b4 Be7 11.Bb2 b6 12.Qc2 Nbd7 13.O-O Bb7 14.Rac1 Rc8 15.Qe2 Nd5
16.Nd4 a6 17.Qg4 N7f6 18.Qh3 h6 19.Nxe6 fxe6 20.Qxe6+ Kh8 21.Ne5 g5 22.Qf5 Qd6
23.Nc4 {#r} 1-0

[Event "Ch World (juniors) (under 20)"]
[Site "masterchessopen.com Copenhagen (Denmark)"]
[Round "13"]
[White "Conquest Stuart (ENG)"]
[Black "Allegro Valery (SUI)"]
[Result "1-0"]
[WhiteElo "2515"]
[BlackElo "2231"]

1.d4 Nf6 2.c4 e6 3.Nf3 Bb4+ 4.Bd2 a5 5.g3 O-O 6.Bg2 d6 7.O-O Nbd7 8.Bg5 d5
9.c5 Nxc5 10.a3 Na6 11.axb4 Nxb4 12.Ne5 h6 13.Bd2 Qe7 14.Qb3 Bd7 15.Rxa5 Rxa5
16.Bxb4 Rb5 17.Bxe7 Rxb3 18.Bxf8 Kxf8 19.Nd3 Bb5 20.Nd2 {#r} 1-0

[Event "Ch URS (qual)"]
[Site "masterchessopen.com Ivano-Frankovsk (Ukraine)"]
[Round "0"]
[White "Petrosian Arshak B (ARM)"]
[Black "Salov Valery (RUS)"]
[Result "0-1"]
[WhiteElo "2475"]
[BlackElo "2330"]

1.d4 Nf6 2.c4 e6 3.Nf3 Bb4+ 4.Bd2 a5 5.Nc3 O-O 6.Qc2 d6 7.e4 Nc6 8.e5 dxe5
9.dxe5 Nd7 10.Ng5 g6 11.f4 Nc5 12.Nf3 Nd4 13.Nxd4 Qxd4 14.O-O-O Bd7 15.Kb1
Rfd8 16.Nd5 exd5 17.Bxb4 Qxd1+ 18.Qxd1 Bf5+ 19.Kc1 axb4 20.Qd4 Rxa2 21.Qxc5
dxc4 {#R} 0-1

[Event "Ch Wales"]
[Site "masterchessopen.com Wales"]
[Round "3"]
[White "Hutchings Stuart J (WLS)"]
[Black "Johnston Dafydd (WLS)"]
[Result "1-0"]
[WhiteElo "2325"]
[BlackElo "2268"]

1.d4 Nf6 2.c4 e6 3.Nf3 Bb4+ 4.Bd2 a5 5.g3 O-O 6.Bg2 d6 7.O-O Re8 8.Bg5 d5 9.c5
a4 10.a3 Ba5 11.Qxa4 c6 12.b4 Bc7 13.Qxa8 Na6 14.Nc3 Qe7 15.Rab1 {#r} 1-0

[Event "It (open)"]
[Site "masterchessopen.com Bela Crkva (Yugoslavia)"]
[Round "0"]
[White "Nikolac Juraj (CRO)"]
[Black "Krsnik Bozidar (AUT)"]
[Result "1-0"]
[WhiteElo "2438"]
[BlackElo "2305"]

1.d4 Nf6 2.c4 e6 3.Nf3 Bb4+ 4.Bd2 a5 5.Nc3 d5 6.e3 O-O 7.Bd3 dxc4 8.Bxc4 Nc6
9.O-O Qe7 10.Ng5 e5 11.d5 Bxc3 12.Bxc3 Nxd5 13.Nxf7 Nxc3 14.Nxe5+ Kh8 15.Nxc6
Nxd1 16.Nxe7 Nxb2 17.Be2 Na4 18.Rfc1 c6 19.Rab1 Be6 20.Rxb7 Bxa2 21.Bd1 Rf7
22.Bxa4 Re8 23.Rb2 {#r} 1-0

[Event "It"]
[Site "masterchessopen.com Bor (Yugoslavia)"]
[Round "0"]
[White "Kurajica Bojan (CRO)"]
[Black "Stojanovic Zoran (SRB)"]
[Result "1-0"]
[WhiteElo "2525"]
[BlackElo "2247"]

1.d4 Nf6 2.Nf3 e6 3.c4 Bb4+ 4.Bd2 c5 5.Bxb4 cxb4 6.g3 O-O 7.Bg2 a5 8.a3 Qe7
9.O-O Na6 10.c5 d5 11.cxd6 Qxd6 12.axb4 Nxb4 13.Ne5 Rd8 14.e3 Nfd5 15.Nc3 f6
16.Nc4 Qc7 17.Qb3 Bd7 18.Nxd5 Nxd5 19.Bxd5 b5 20.Bxa8 a4 21.Qb4 bxc4 22.Bg2
{#r} 1-0

[Event "Ch World (team) (under 26)"]
[Site "masterchessopen.com Chicago (USA)"]
[Round "0"]
[White "Petursson Margeir (ISL)"]
[Black "Rizzitano James (USA)"]
[Result "1-0"]
[WhiteElo "2540"]
[BlackElo "2310"]

1.d4 Nf6 2.c4 e6 3.Nf3 Bb4+ 4.Bd2 Qe7 5.g3 O-O 6.Bg2 Bxd2+ 7.Qxd2 d6 8.Nc3 e5
9.O-O Re8 10.dxe5 dxe5 11.Rfd1 Nbd7 12.Rac1 h6 13.Nd5 Qd8 14.Qa5 c6 15.Qxd8
Rxd8 16.Nxf6+ gxf6 17.Bh3 b6 18.Rd6 Rb8 19.Rcd1 Rb7 20.Rxf6 {#r} 1-0

[Event "?"]
[Site "masterchessopen.com Helsinki (Finland)"]
[Round "0"]
[White "Lukacs Peter (HUN)"]
[Black "Tiller Bjorn (NOR)"]
[Result "1-0"]
[WhiteElo "2440"]
[BlackElo "2430"]

1.d4 e6 2.c4 Nf6 3.Nf3 Bb4+ 4.Bd2 Qe7 5.g3 Nc6 6.Nc3 d5 7.cxd5 exd5 8.Bg5 Bg4
9.Bg2 Rd8 10.O-O O-O 11.h3 Bf5 12.Rc1 h6 13.Bxf6 Qxf6 14.e3 Rfe8 15.a3 Bf8
16.Nd2 Qe6 17.Kh2 Ne7 18.Nb5 c6 19.Nc7 {#r} 1-0

[Event "It (open) \"]
[Site "masterchessopen.com London (England)"]
[Date "1983.08.26"]
[Round "3"]
[White "Moulin Pierre (BEL)"]
[Black "Arkell Keith C (ENG)"]
[Result "0-1"]
[WhiteElo "2300"]
[BlackElo "2409"]

1.d4 Nf6 2.c4 e6 3.Nf3 Bb4+ 4.Nbd2 a5 5.e3 b6 6.Bd3 Bb7 7.O-O O-O 8.e4 Bxd2
9.Nxd2 d6 10.f4 e5 11.fxe5 dxe5 12.dxe5 Qd4+ 13.Kh1 Qxe5 14.Rf5 Qe6 15.e5 Nfd7
16.Nf3 Nc5 17.Be3 Nbd7 18.Bc2 Ne4 19.Rf4 f5 20.exf6 Ndxf6 21.Nd4 Ng3+ 22.hxg3
Qh3+ {#R} 0-1

[Event "It (open)"]
[Site "masterchessopen.com Bratto (Italy)"]
[Round "0"]
[White "Sibilio Mario (ITA)"]
[Black "Trabattoni Franco (ITA)"]
[Result "0-1"]
[WhiteElo "2364"]
[BlackElo "2308"]

1.Nf3 Nf6 2.d4 e6 3.c4 Bb4+ 4.Bd2 Qe7 5.Qc2 Bxd2+ 6.Nbxd2 d6 7.e4 e5 8.d5 O-O
9.Be2 Nh5 10.g3 g6 11.h4 Ng7 12.O-O-O c6 13.Kb1 Na6 14.Nf1 f5 {#R} 0-1

[Event "It \"]
[Site "masterchessopen.com Prague (Czech Republic)"]
[Round "0"]
[White "Meduna Eduard (CZE)"]
[Black "Knezevic Milorad (SRB)"]
[Result "0-1"]
[WhiteElo "2425"]
[BlackElo "2212"]

1.d4 Nf6 2.c4 e6 3.Nf3 Bb4+ 4.Bd2 c5 5.Bxb4 cxb4 6.a3 Qc7 7.c5 bxa3 8.Nxa3 O-O
9.Nc4 Nc6 10.e3 Rb8 11.b4 Nxb4 12.Rxa7 Ne4 13.Bd3 Nxc5 14.dxc5 Qxc5 15.Ra5
Nxd3+ 16.Qxd3 Qb4+ 17.Nfd2 b5 18.Ra1 bxc4 19.Qxc4 Qd6 20.Nf3 Rb4 21.Qc2 Ba6
22.Qd2 Qb6 23.Nd4 Rc8 24.f4 Rb1+ {#R} 0-1

[Event "Ch Quebec"]
[Site "masterchessopen.com Quebec (Canada)"]
[Round "6"]
[White "Bolduc Steve (CAN)"]
[Black "St Pierre Benoit (CAN)"]
[Result "1-0"]
[WhiteElo "2229"]
[BlackElo "2226"]

1.d4 Nf6 2.c4 e6 3.Nf3 Bb4+ 4.Bd2 a5 5.a3 Be7 6.Nc3 d5 7.Bg5 b6 8.cxd5 exd5
9.g3 Ne4 10.Bxe7 Qxe7 11.Nxd5 Qd6 12.Ne3 O-O 13.Bg2 Rd8 14.O-O Nc6 15.Qc2 {#r}
1-0

[Event "It"]
[Site "masterchessopen.com Rostock (Germany)"]
[Round "1"]
[White "Syre Christian (GER)"]
[Black "Warwaszynski Zbigniew (POL)"]
[Result "0-1"]
[WhiteElo "2265"]
[BlackElo "2255"]

1.d4 Nf6 2.c4 e6 3.Nf3 Bb4+ 4.Bd2 c5 5.Bxb4 cxb4 6.Nbd2 O-O 7.e4 d6 8.e5 dxe5
9.dxe5 Nfd7 10.Qe2 Nc6 11.O-O-O Qa5 12.Kb1 Ndxe5 13.Nb3 Qc7 14.Ng5 Rd8 15.Re1
h6 16.Ne4 b6 17.Qe3 Ba6 18.Rc1 Ne7 19.Qe1 Bb7 20.c5 a5 21.Nd6 Nd7 22.Nd4 Nxc5
{#R} 0-1

[Event "It (open)"]
[Site "masterchessopen.com Baden-Baden (Germany)"]
[Round "1"]
[White "Fraas Henning (GER)"]
[Black "Roos Jean-Luc (FRA)"]
[Result "1-0"]
[WhiteElo "2096"]
[BlackElo "2218"]

1.d4 Nf6 2.c4 e6 3.Nf3 Bb4+ 4.Bd2 Bxd2+ 5.Qxd2 O-O 6.Nc3 d5 7.e3 c6 8.Bd3 Nbd7
9.cxd5 exd5 10.O-O Re8 11.Qc2 g6 12.Rfc1 Qe7 13.Nd2 Nb6 14.h3 Bd7 15.Nb3 Ne4
16.Bxe4 dxe4 17.Nc5 Be6 18.Qxe4 Nc4 19.Nxe6 Qxe6 20.Qxe6 fxe6 21.Ne4 Nxb2
22.Rab1 Nd3 23.Rc3 Nxf2 24.Kxf2 {#r} 1-0

[Event "?"]
[Site "masterchessopen.com Porabka (Poland)"]
[Round "4"]
[White "Pekarek Ales (CZE)"]
[Black "Genov Petar (BUL)"]
[Result "1-0"]
[WhiteElo "2406"]
[BlackElo "2447"]

1.d4 Nf6 2.c4 e6 3.Nf3 Bb4+ 4.Nbd2 d5 5.e3 O-O 6.a3 Be7 7.Bd3 b6 8.O-O c5
9.cxd5 cxd4 10.exd4 Qxd5 11.Re1 Ba6 12.Bb1 Nc6 13.Ba2 Qd7 14.Ne5 Qb7 15.Ndf3
Nxe5 16.dxe5 Rfd8 17.Qa4 Nd5 18.Bg5 Bd3 19.Rac1 Bxg5 20.Nxg5 Rac8 21.Qg4 Bf5
22.Qf3 h6 23.Ne4 Ne7 24.Nf6+ {#r} 1-0

[Event "Ch France"]
[Site "masterchessopen.com Royan (France)"]
[Round "0"]
[White "Andruet Gilles (FRA)"]
[Black "Guyot Philippe (FRA)"]
[Result "1-0"]
[WhiteElo "2370"]
[BlackElo "2235"]

1.d4 Nf6 2.c4 e6 3.Nf3 Bb4+ 4.Bd2 a5 5.g3 d5 6.Qc2 Nc6 7.a3 Be7 8.Bg2 O-O
9.O-O dxc4 10.Qxc4 Qd5 11.Qd3 Rd8 12.Nc3 Qh5 13.Qc4 Ra6 14.Rfd1 Rb6 15.Na4 Rb5
16.Bf4 Ne8 17.e4 Bd7 18.d5 Na7 19.Nd4 exd5 20.exd5 Rxd5 21.Bxd5 Bxa4 22.Bxf7+
Qxf7 23.Qxa4 {#r} 1-0

[Event "It"]
[Site "masterchessopen.com Naleczow (Poland)"]
[Round "11"]
[White "Jasnikowski Zbigniew (POL)"]
[Black "Goldin Alexander (USA)"]
[Result "0-1"]
[WhiteElo "2375"]
[BlackElo "2440"]

1.d4 Nf6 2.c4 e6 3.Nf3 Bb4+ 4.Bd2 Qe7 5.g3 Nc6 6.Nc3 d5 7.cxd5 exd5 8.Bg2 O-O
9.O-O b6 10.e3 Bb7 11.a3 Bxc3 12.Bxc3 Rfd8 13.Nd2 a5 14.Qe1 h5 {#R} 0-1

[Event "It"]
[Site "masterchessopen.com Buenos Aires (Argentina)"]
[Round "0"]
[White "Franco Ocampos Zenon (PAR)"]
[Black "Giardelli Sergio C (ARG)"]
[Result "1-0"]
[WhiteElo "2501"]
[BlackElo "2346"]

1.d4 Nf6 2.c4 e6 3.Nf3 Bb4+ 4.Nbd2 d5 5.Qa4+ Nc6 6.a3 Be7 7.e3 O-O 8.Bd3 a5
9.O-O Bd7 10.Qc2 a4 11.Ne5 Na7 12.c5 Nh5 13.Nxd7 Bg5 14.b4 axb3 15.Nxb3 Nb5
16.Qb1 Na7 17.Ba6 Qc8 18.Bb5 {#r} 1-0

[Event "Ch Moscow"]
[Site "masterchessopen.com Moscow (Russia)"]
[Round "0"]
[White "Arbakov Valentin (RUS)"]
[Black "Kholmov Ratmir D (RUS)"]
[Result "0-1"]
[WhiteElo "2444"]
[BlackElo "2475"]

1.d4 Nf6 2.c4 e6 3.Nf3 Bb4+ 4.Nbd2 b6 5.a3 Bxd2+ 6.Bxd2 Bb7 7.e3 d6 8.Be2 Nbd7
9.O-O O-O 10.Rc1 c5 11.b4 Qe7 12.Qb3 Ne4 13.Be1 f5 14.Nd2 Nxd2 15.Bxd2 Qg5
16.f3 cxd4 17.Rfd1 d3 18.e4 Qg6 19.Bxd3 Ne5 20.exf5 Nxf3+ 21.Kh1 Qxg2+ 22.Kxg2
Nxd2+ {#R} 0-1

[Event "It"]
[Site "masterchessopen.com Moscow (Russia)"]
[Round "0"]
[White "Yanvarjov Igor (RUS)"]
[Black "Gorelov Sergey G (RUS)"]
[Result "0-1"]
[WhiteElo "2421"]
[BlackElo "2485"]

1.Nf3 Nf6 2.c4 e6 3.d4 Bb4+ 4.Bd2 c5 5.dxc5 Bxc5 6.Nc3 O-O 7.e3 Nc6 8.Rc1 d5
9.cxd5 exd5 10.Na4 Bd6 11.Bb5 Ne4 12.Bxc6 bxc6 13.Rxc6 Bb7 14.Rc1 d4 15.exd4
Ba6 16.Nc3 Re8 17.Be3 Nxc3 18.bxc3 Qa5 19.Nd2 Rac8 20.Nb3 Qb5 21.a4 Qd5 22.Kd2
Bc4 23.Rb1 Rxe3 {#R} 0-1

[Event "It (open)"]
[Site "masterchessopen.com Novi Sad (Yugoslavia)"]
[Round "5"]
[White "Eingorn Vereslav S (UKR)"]
[Black "Bulajic Ratko (SRB)"]
[Result "1-0"]
[WhiteElo "2560"]
[BlackElo "2325"]

1.d4 Nf6 2.Nf3 e6 3.c4 Bb4+ 4.Bd2 a5 5.g3 d5 6.Qc2 Nc6 7.a3 Bxd2+ 8.Nbxd2 O-O
9.Bg2 Qe7 10.O-O Rd8 11.Rad1 Bd7 12.Rfe1 Be8 13.e4 dxc4 14.Nxc4 Qd7 15.Bh3 Qe7
16.d5 b5 17.Ne3 Na7 18.dxe6 fxe6 19.Ng5 Bg6 20.Bxe6+ Kh8 21.Nf5 Qf8 22.Qxc7
{#r} 1-0

[Event "It (open)"]
[Site "masterchessopen.com Novi Sad (Yugoslavia)"]
[Round "3"]
[White "Kovacevic Vladimir (SRB)"]
[Black "Glisic Vojislav (SRB)"]
[Result "0-1"]
[WhiteElo "2240"]
[BlackElo "2203"]

1.d4 Nf6 2.c4 e6 3.Nf3 Bb4+ 4.Bd2 c5 5.Bxb4 cxb4 6.a3 Qa5 7.Nbd2 d6 8.e4 O-O
9.Bd3 bxa3 10.e5 dxe5 11.dxe5 Ng4 12.Rxa3 Qc5 13.Ne4 Qb4+ 14.Kf1 Nd7 15.Rb3
Qe7 16.Nd6 Ngxe5 17.Nxe5 Nxe5 18.Bxh7+ Kh8 19.Qh5 Ng4 20.Qxg4 Qxd6 21.Rd3 e5
22.Bf5 Qxd3+ {#R} 0-1

[Event "Cup Rilton"]
[Site "masterchessopen.com Stockholm (Sweden)"]
[Round "0"]
[White "Bator Robert (SWE)"]
[Black "Astrom Goran (SWE)"]
[Result "1-0"]
[WhiteElo "2370"]
[BlackElo "2284"]

1.d4 Nf6 2.c4 e6 3.Nf3 Bb4+ 4.Nbd2 c5 5.a3 Bxd2+ 6.Qxd2 b6 7.dxc5 bxc5 8.Qg5
O-O 9.Qxc5 Bb7 10.e3 d5 11.cxd5 Bxd5 12.Be2 Nbd7 13.Qd4 Rc8 14.b4 Nb6 15.O-O
Qe7 16.Qh4 Nc4 17.Nd4 a5 18.b5 Qc5 19.a4 Qb4 20.Bxc4 Qxc4 21.Bd2 Qc7 22.f3 Qb6
23.Qe1 Ra8 24.Rc1 {#r} 1-0

[Event "It (open)"]
[Site "masterchessopen.com Wiesbaden (Germany)"]
[Round "8"]
[White "Alber Horst (GER)"]
[Black "Schmittdiel Eckhard (GER)"]
[Result "0-1"]
[WhiteElo "2340"]
[BlackElo "2420"]

1.d4 Nf6 2.c4 e6 3.Nf3 Bb4+ 4.Bd2 c5 5.g3 Qb6 6.Bg2 Nc6 7.O-O cxd4 8.Bxb4 Qxb4
9.Qc1 O-O 10.a3 Qe7 11.Rd1 e5 12.b4 d6 13.e3 Bg4 14.exd4 Bxf3 15.Bxf3 Nxd4
16.Qc3 Rac8 17.Rxd4 exd4 {#R} 0-1

[Event "It (open)"]
[Site "masterchessopen.com Cagnes Sur Mer (France)"]
[Round "4"]
[White "Anic Darko (FRA)"]
[Black "Linder Oliver (GER)"]
[Result "1-0"]
[WhiteElo "2424"]
[BlackElo "1977"]

1.d4 e6 2.Nf3 Nf6 3.c4 Bb4+ 4.Nbd2 d5 5.a3 Bxd2+ 6.Bxd2 O-O 7.Bg5 b6 8.e3 Bb7
9.Rc1 Nbd7 10.cxd5 Bxd5 11.Bd3 h6 12.Bh4 Qc8 13.Qe2 Ne4 14.Qc2 g5 15.Bxe4 Bxe4
16.Qxe4 gxh4 17.Qxh4 {#r} 1-0

[Event "It (open)"]
[Site "masterchessopen.com Cannes (France)"]
[Round "0"]
[White "Polaczek Richard (BEL)"]
[Black "Wilder Michael (USA)"]
[Result "0-1"]
[WhiteElo "2377"]
[BlackElo "2540"]

1.d4 Nf6 2.c4 e6 3.Nf3 Bb4+ 4.Nbd2 b6 5.a3 Bxd2+ 6.Bxd2 Bb7 7.Bf4 d6 8.e3 Nbd7
9.Be2 h6 10.Qa4 Qe7 11.h3 Ne4 12.Rc1 f5 13.c5 bxc5 14.dxc5 O-O 15.cxd6 cxd6
16.Rc7 Nec5 17.Qd1 e5 18.Bh2 Rac8 19.Rxb7 Nxb7 20.Qd5+ Qf7 21.Qxb7 Rc1+ 22.Bd1
Rb8 23.Qxa7 Qd5 24.O-O Qxd1 {#R} 0-1

[Event "It (open) \"]
[Site "masterchessopen.com Cologne (Germany)"]
[Round "2"]
[White "Hund Gerhard (GER)"]
[Black "Nemitz Norbert"]
[Result "1-0"]
[WhiteElo "2137"]
[BlackElo "1970"]

1.Nf3 Nf6 2.c4 e6 3.d4 Bb4+ 4.Bd2 c5 5.Bxb4 cxb4 6.Nbd2 O-O 7.e3 d6 8.Be2 Nbd7
9.O-O b6 10.Qa4 a5 11.Qc6 Rb8 12.Qxd6 Bb7 13.Ne5 Nxe5 14.Qxe5 Qe7 15.f4 Nd7
16.Qh5 g6 17.Qh6 Qf6 18.Bf3 Qg7 19.Qh3 Rfd8 20.Rad1 h5 21.Bxb7 Rxb7 22.Ne4 Nf6
23.Qh4 {#r} 1-0